|
|
|
|
| LEADER |
00784cam a2200229 7i4500 |
| 001 |
0000035382 |
| 005 |
20181017090000.0 |
| 007 |
##ta |
| 008 |
181008s2017 nju 000 0 eng |
| 020 |
# |
# |
|a 9781786300706
|
| 040 |
# |
# |
|a MATR
|
| 090 |
0 |
0 |
|a B 346.048
|b LAL
|
| 100 |
1 |
# |
|a Lallement, Remi
|e author
|
| 245 |
1 |
0 |
|a Intellectual Property and Innovation Protection :
|b New Practices and New Policy Issues
|c Remi Lallement.
|
| 264 |
# |
1 |
|a Hoboken, NJ:
|b ISTE Ltd/John Wiley and Sons Inc,
|c 2017.
|
| 300 |
# |
# |
|a xvi, 145 pages;
|c 24 cm.
|
| 336 |
# |
# |
|a text
|2 rdacontent
|
| 337 |
# |
# |
|a unmediated
|2 rdamedia
|
| 338 |
# |
# |
|a volume
|2 rdacarrier
|
| 650 |
# |
0 |
|a Intellectual Property
|
| 650 |
# |
0 |
|a Law --
|x Intellectual Property --
|x General
|
| 999 |
|
|
|a B000040392
|b Book
|c Book
|e Business Information Centre
|